Copy of sale at Girtford the property of Mr Wm. Triplow (Record no. 116584)

MARC details
000 -LEADER
fixed length control field 00660ctm a22001935a 4500
001 - CONTROL NUMBER
control field L141094
008 - FIXED-LENGTH DATA ELEMENTS--GENERAL INFORMATION
fixed length control field 071029s1867 xxk eng u
035 ## - SYSTEM CONTROL NUMBER
System control number (Sirsi) u141094
041 0# - LANGUAGE CODE
Language code of text/sound track or separate title eng
245 00 - TITLE STATEMENT
Title Copy of sale at Girtford the property of Mr Wm. Triplow
Remainder of title October 11th 1867
Medium [manuscript]
260 ## - PUBLICATION, DISTRIBUTION, ETC.
Date of publication, distribution, etc. 1867
300 ## - PHYSICAL DESCRIPTION
Extent 1 v.
Dimensions 16 cm.
340 ## - PHYSICAL MEDIUM
Material base and configuration Ink on paper
351 ## - ORGANIZATION AND ARRANGEMENT OF MATERIALS
Hierarchical level Single item
500 ## - GENERAL NOTE
General note Item is a notebook which contains details of the lots and lists the successful bidders and the prices paid.
651 4# - SUBJECT ADDED ENTRY--GEOGRAPHIC NAME
Geographic name Bedfordshire
690 ## - LOCAL SUBJECT ADDED ENTRY--TOPICAL TERM (OCLC, RLIN)
Topical term or geographic name as entry element PROPERTY-PROPERTY ACQUISITION AND DISPOSAL-ACQUISITION AND DISPOSAL AT AUCTION
942 ## - ADDED ENTRY ELEMENTS (KOHA)
Suppress in OPAC 0
Holdings
Withdrawn status Lost status Source of classification or shelving scheme Damaged status Not for loan Home library Current library Shelving location Date acquired Total Checkouts Full call number Barcode Date last seen Copy number Price effective from Koha item type
    Dewey Decimal Classification     London London Basement 29/10/2007   BASEMENT BOX 4 141094-1001 06/08/2019 1 06/08/2019 Archive